| 000 | 00497nam a2200169Ia 4500 | ||
|---|---|---|---|
| 003 | OSt | ||
| 005 | 20260323120730.0 | ||
| 008 | 211028s2019 xx 000 0 und d | ||
| 040 | _cAIMIT LIBRARY | ||
| 041 | _aeng | ||
| 100 |
_aMathew, Cecil; Santhosh, B. _g161747 _95353 |
||
| 110 |
_aRiyaz Mohammed _95354 |
||
| 245 | _aLoad pointer implementation for bank payment gateway / | ||
| 260 |
_aBengaluru _c2019 |
||
| 710 |
_aOnline Productivity Solutions Private Limited _95355 |
||
| 942 |
_2ddc _cPRO |
||
| 999 |
_c217877 _d217877 |
||